Estatísticas para Todos os Brawlers do Brawl stars

Clique aqui para jogar o quiz

Estatísticas Gerais

  • Esse quiz foi jogado 56 vezes
  • A pontuação média é 42 de 73

Estatísticas das Respostas

RaridadeResposta% Correto
inicialshelly
95%
rarobull
85%
rarocolt
85%
lendariocrow
85%
raroel primo
82%
super rarojessie
82%
rarorosa
82%
raronita
79%
lendariospike
79%
epicobo
77%
epicoedgar
77%
lendarioleon
77%
raropoco
77%
cromaticogale
74%
rarobarley
72%
miticomortis
72%
rarobrock
69%
miticoeugenio
67%
epicopam
67%
super rarorico
67%
cromaticowattson
67%
cromaticobuzz
64%
cromaticocolette
64%
epicofrank
64%
lendariomeg
64%
super rarotick
64%
super raro8-bit
62%
lendarioamber
62%
super rarocarl
62%
super raropenny
62%
epicopiper
62%
lendariosandy
62%
miticotara
62%
lendariochester
59%
super rarodynamike
59%
epicoemz
59%
cromaticofang
59%
cromaticocordelius
56%
super rarodarryl
56%
epicostu
56%
super rarogus
54%
cromaticomandy
54%
cromaticobelle
51%
miticosprout
51%
epicobea
49%
epicobibi
49%
miticobyron
49%
miticogray
49%
epicohank
49%
super rarojacky
49%
miticomax
49%
cromaticosam
49%
cromaticocharlie
46%
cromaticoeve
46%
cromaticootis
46%
cromaticoash
41%
cromaticobuster
41%
epicogrom
41%
cromaticolou
41%
epiconani
41%
cromaticoruffs
41%
miticochuck
38%
miticodoug
38%
cromaticojanet
38%
cromaticomaisie
38%
miticomr.p
38%
cromaticor-t
38%
epicobonnie
36%
cromaticolola
36%
cromaticopearl
36%
miticosqueak
36%
miticowillow
33%
epicogriff
31%

Distribuição das Pontuações

Percentil de Números Respondidos

Porcentagem de Pessoas com Cada Pontuação

Sua Pontuação Histórica

Você não jogou esse quiz